• 首页
  • 本馆介绍
  • 公告通知
  • 最新文献
  • 馆藏检索
  • 电子资源
  • 读者导购
  • 参考咨询
  • 我的图书馆
  • 登录
  • 详细信息显示
  • 放入我的书架
  • 预约/预借图书
  • 作者相关作品
  • 分类相关作品
  • 丛书相关作品
  • 出版社相关作品

书目信息

  • 表格格式
  • 工作单格式
  • 卡片格式
题名:
休闲度假城市旅游规划
    
 
作者: 吴必虎 , 黄潇婷 著
分册:  
出版信息: 北京   中国旅游出版社  2010.11
页数: 309页
开本: 26cm
丛书名: 城市旅游规划系列
单 册:
中图分类: F590.1
科图分类:
主题词: 城市--cheng shi--旅游经济--经济规划
电子资源:
ISBN: 978-7-5032-4050-8
000 01002oam2 2200253 45
001 1355400749
005 20221011154339.20
010    @a978-7-5032-4050-8@dCNY38.00
100    @a20130108d2010 em y0chiy50 ea
101 0  @achi
102    @aCN@b110000
105    @ak a 000yy
200 1  @a休闲度假城市旅游规划@AXiu Xian Du Jia Cheng Shi Lu^ You Gui Hua@f吴必虎, 黄潇婷著@FWu Bi Hu , Huang Xiao Ting Zhu
210    @a北京@c中国旅游出版社@d2010.11
215    @a309页@d26cm
225 2  @a城市旅游规划系列
330    @a本书论述了度假旅游城市、休闲旅游城市、娱乐旅游城市的特色元素、空间要素及其产品体系, 并以三亚、杭州、成都、深圳、长沙等典型城市为案例, 分析了运用新理论、新思维、新技术将各元素整合策划为符合市场需求的产品的规划实践。
461  0 @12001 @a城市旅游规划系列
606 0  @a城市@Acheng shi@x旅游经济@x经济规划
690    @aF590.1@v5
701  0 @a吴必虎@AWu Bi Hu@4著
701  0 @a黄潇婷@AHuang Xiao Ting@4著
801    @aCN@bTANGWEI@c20130111
905    @b0831004-06@dF590.1@e328@f3
    
    休闲度假城市旅游规划/吴必虎, 黄潇婷著.-北京:中国旅游出版社,2010.11
    309页;26cm.-(城市旅游规划系列)
    
    
    ISBN 978-7-5032-4050-8:CNY38.00
    本书论述了度假旅游城市、休闲旅游城市、娱乐旅游城市的特色元素、空间要素及其产品体系, 并以三亚、杭州、成都、深圳、长沙等典型城市为案例, 分析了运用新理论、新思维、新技术将各元素整合策划为符合市场需求的产品的规划实践。
●
相关链接 在E读中查询图书 在五车中查询图书 在当当中查询图书 在豆瓣中查询图书


正题名:休闲度假城市旅游规划     索取号:F590.1/328         预约/预借

序号 登录号 条形码 馆藏地/架位号 状态 备注
1 0831004   208310040   第一样本阅览室/ [索取号:F590.1/328] 在馆    
2 0831005   208310059   第一借阅区/ [索取号:F590.1/328] 在馆    
3 0831006   208310068   密集书库-资源管理系/ [索取号:F590.1/328] 在馆    
唐山师范学院图书馆 欢迎您!
大连网信软件有限公司© 版权所有